Breve historia de México (notice nᵒ 9962)
[ vue normale ]
| 000 -Sello discográfico | |
|---|---|
| campo de control de longitud fija | 00859nam a2200301 4500 |
| 005 - Identificación de versión | |
| campo de control | 20251017062804.0 |
| 010 ## - Número Estándar Internacional de Libros (ISBN) | |
| Número (ISBN) | 968-24-4924-3 |
| 035 ## - Otros números de control del sistema | |
| Número de control del sistema | 33431 |
| 099 ## - fechas locales | |
| Tipo de ítem Koha | LIBRO |
| 100 ## - Datos de procesamiento general | |
| Datos de procesamiento general | 20120209d20071998m y1spay5003 ba |
| 105 ## - Campo de datos codificados: Material textual, monográfico | |
| Datos codificados de monografía | a 001zy |
| 200 1# - Título y mención de responsabilidad | |
| Título propio | Breve historia de México |
| Designación general del material | texto impreso |
| Primer mención de responsabilidad | José Vasconcelos |
| 205 ## - Declaración de edición | |
| Declaración de edición | reimpr de la 1a ed |
| 210 ## - Publicación, distribución, etc. | |
| Lugar de publicación, distribución, etc. | México |
| Nombre del editor, distribuidor, etc. | Editorial Trillas |
| Fecha de publicación, distribución, etc. | 2007 |
| 215 ## - Descripción física | |
| Designación de material específico y extensión del ítem | 422 p |
| Otras características físicas | il., fot. |
| Dimensiones | 23 cm |
| 345 ## - Nota de información de adquisición | |
| Fuente de adquisición/dirección de la suscripción [OBSOLETO] | Donación 'Salon du Livre 2009' |
| 410 #1 - Series | |
| Título | Linterna Mágica |
| Número de volumen | 30 |
| 607 ## - Nombre geográfico utilizado como tema | |
| Elemento de entrada | México |
| Subdivisión temática | Historia |
| Número Koha | 112 |
| 660 ## - Código de área geográfica | |
| Código | MX |
| 700 ## - Nombre personal - Responsabilidad primaria | |
| Elemento de entrada | Vasconcelos Calderón |
| Parte del nombre distinta del elemento de entrada | José |
| Fechas | 1882-1959 |
| Número Koha | 3412 |
| 801 #0 - Fuente de origen | |
| País | FR |
| Agencia | cm |
| Reglas de catalogación (convenciones descriptivas) | AFNOR |
| 900 ## - | |
| -- | 1/5063 |
| 900 ## - | |
| -- | 7100316822\211103 |
| 942 ## - ELEMENTOS DE ENTRADA SECUNDARIOS (KOHA) | |
| Tipo de ítem Koha | Livre |
| 996 ## - | |
| -- | MEX |
| -- | 751145101 |
| -- | MMAG |
| -- | 001712 |
| -- | 972 V331BR |
| -- | 20120209LIV |
| Estatus retirado | Estado de daño | Estado de pérdida | Fecha de adquisición | Biblioteca de origen | Biblioteca actual | Ubicación en estantería | Código de barras | Precio de reemplazo | Signatura topográfica completa | No para préstamo | Tipo de ítem Koha | Nota pública | Nota no pública |
|---|---|---|---|---|---|---|---|---|---|---|---|---|---|
| 05/08/2025 | Casa México Paris | Casa México Paris | 001712 | 05/08/2025 | 972 V331BR | Livre | 20120209LIV | 751145101 |